[Event "Spijkenisse op-B 3rd"]
[Site "Spijkenisse"]
[Date "2013.10.26"]
[Round "3"]
[White "Reljic, Mane"]
[Black "Sandifort, Jerry"]
[Result "0-1"]
[WhiteElo "1495"]
[BlackElo "1458"]
[PlyCount "125"]
[EventDate "2013.10.25"]
[EventType "swiss"]
[EventRounds "6"]
[EventCountry "NED"]
[SourceTitle "EXT 2014"]
[Source "ChessBase"]
[SourceDate "2013.11.20"]
[SourceVersion "1"]
[SourceVersionDate "2013.11.20"]
[SourceQuality "1"]

1. e4 e5 2. Bc4 Bc5 3. Nf3 d6 4. c3 Bg4 5. d3 Nf6 6. Qb3 0-0 7. h3 Bxf3 8. gxf3 Bb6 9. Be3 Nbd7 10. Qc2 Nh5 11. Qe2 Qf6 12. Nd2 Nf4 13. Bxf4 Qxf4 14. 0-0-0 a6 15. Kb1 Ba7 16. Nf1 b5 17. Bb3 Nc5 18. Ng3 Nxb3 19. axb3 g6 20. Rdg1 Kh8 21. Nf1 f5 22. h4 fxe4 23. dxe4 Qxf3 24. Qxf3 Rxf3 25. Rg2 Rxf2 26. Rxf2 Bxf2 27. Kc2 Rf8 28. Nd2 Rf4 29. h5 g5 30. Kd3 g4 31. Ke2 g3 32. Rb1 g2 33. Nf3 g1Q 34. Nxg1 Bxg1 35. Rxg1 Rxe4+ 36. Kd3 Rh4 37. Rg5 Rh2 38. Rf5 Kg7 39. c4 Rxb2 40. Kc3 Rh2 41. c5 dxc5 42. Rxe5 Rh3+ 43. Kb2 c4 44. bxc4 bxc4 45. Re7+ Kh6 46. Rxc7 Rxh5 47. Rxc4 Rh3 48. Rc6+ Kg5 49. Rxa6 h5 50. Ra8 Rf3 51. Rg8+ Kh4 52. Rh8 Kg4 53. Rg8+ Kh3 54. Rg7 h4 55. Rc7 Kh2 56. Kc1 Kh3 57. Kc2 Kh2 58. Kd1 h3 59. Ke2 Rg3 60. Rc6 Kg2 61. Ra6 h2 62. Rf6 h1Q 63. Rf2+ 0-1

[Event "Spijkenisse op-B 3rd"]
[Site "Spijkenisse"]
[Date "2013.10.26"]
[Round "2"]
[White "Sandifort, Jerry"]
[Black "Van Heeren, Arie"]
[Result "0-1"]
[WhiteElo "1458"]
[BlackElo "1701"]
[PlyCount "74"]
[EventDate "2013.10.25"]
[EventType "swiss"]
[EventRounds "6"]
[EventCountry "NED"]
[SourceTitle "EXT 2014"]
[Source "ChessBase"]
[SourceDate "2013.11.20"]
[SourceVersion "1"]
[SourceVersionDate "2013.11.20"]
[SourceQuality "1"]

1. e4 d6 2. Nf3 Nf6 3. Nc3 Nbd7 4. d4 e5 5. dxe5 dxe5 6. Bg5 c6 7. Be2 Be7 8. 0-0 Qc7 9. Bd3 Nf8 10. Ne2 Ng6 11. Ng3 h6 12. Be3 Ng4 13. Bd2 Bc5 14. h3 Nf6 15. Bc3 0-0 16. Qd2 Rd8 17. Rad1 Be6 18. a3 Bd6 19. Bb4 c5 20. Bc3 c4 21. Be2 Bxa3 22. Qc1 Rxd1 23. Rxd1 Bd6 24. Rd2 b5 25. b3 cxb3 26. cxb3 Bb4 27. Rd3 Rc8 28. Bb2 Qxc1+ 29. Bxc1 Rxc1+ 30. Kh2 Rc2 31. Rd8+ Kh7 32. Bxb5 Rxf2 33. Ra8 Nf4 34. Bf1 Bxh3 35. Rxa7 Bxg2 36. Bxg2 Rxg2+ 37. Kh1 Rxg3 0-1